|
|
|
|
| LEADER |
00000cam a2200000Ma 4500 |
| 001 |
JSTOR_on1202514142 |
| 003 |
OCoLC |
| 005 |
20231005004200.0 |
| 006 |
m o d |
| 007 |
cr |n||||||||| |
| 008 |
201029s2020 xx o ||| 0 eng d |
| 040 |
|
|
|a UAB
|b eng
|c UAB
|d YDX
|d JSTOR
|d OCLCO
|d OCLCF
|d OCLCO
|d OCLCQ
|d OCLCO
|
| 019 |
|
|
|a 1201658080
|
| 020 |
|
|
|a 9781789693645
|
| 020 |
|
|
|a 1789693640
|
| 020 |
|
|
|z 1789693632
|
| 020 |
|
|
|z 9781789693638
|
| 029 |
1 |
|
|a AU@
|b 000068186820
|
| 035 |
|
|
|a (OCoLC)1202514142
|z (OCoLC)1201658080
|
| 037 |
|
|
|a 6376669
|b Proquest Ebook Central
|
| 050 |
|
4 |
|a DA960
|
| 082 |
0 |
4 |
|a 936.2
|2 23
|
| 049 |
|
|
|a UAMI
|
| 100 |
1 |
|
|a Marshall, Alistair.
|
| 245 |
1 |
4 |
|a The Development of an Iron Age and Roman Settlement Complex at the Park and Bowsings.
|
| 260 |
|
|
|a Oxford, UNITED KINGDOM :
|b Archaeopress Archaeology,
|c 2020.
|
| 300 |
|
|
|a 1 online resource (203 pages)
|
| 336 |
|
|
|a text
|b txt
|2 rdacontent
|
| 337 |
|
|
|a computer
|b c
|2 rdamedia
|
| 338 |
|
|
|a online resource
|b cr
|2 rdacarrier
|
| 588 |
|
|
|a Description based on print version record.
|
| 590 |
|
|
|a JSTOR
|b Books at JSTOR All Purchased
|
| 590 |
|
|
|a JSTOR
|b Books at JSTOR Demand Driven Acquisitions (DDA)
|
| 650 |
|
0 |
|a Romans
|z England
|z Gloucestershire.
|
| 650 |
|
0 |
|a Excavations (Archaeology)
|z England
|z Gloucestershire.
|
| 650 |
|
6 |
|a Romains
|z Angleterre
|z Gloucestershire.
|
| 650 |
|
6 |
|a Fouilles (Archéologie)
|z Angleterre
|z Gloucestershire.
|
| 650 |
|
7 |
|a Excavations (Archaeology)
|2 fast
|
| 650 |
|
7 |
|a Romans
|2 fast
|
| 651 |
|
7 |
|a England
|z Gloucestershire
|2 fast
|
| 776 |
0 |
8 |
|i Print version:
|z 1789693632
|z 9781789693638
|w (OCoLC)1137202784
|
| 856 |
4 |
0 |
|u https://jstor.uam.elogim.com/stable/10.2307/j.ctv18gfzbx
|z Texto completo
|
| 938 |
|
|
|a YBP Library Services
|b YANK
|n 301639320
|
| 994 |
|
|
|a 92
|b IZTAP
|